Spatial Analysis of the Tertiary Educational Attainment in European Union

Priestorová analýza rozsahu a dynamiky rozdielov v populácii vo veku 30 až 34 rokov s dosiahnutým terciárnym vzdelaním v regiónoch NUTS 2 EÚ v období rokov 2010-2016. Stratégia Európa 2020.

Guardado en:
Detalles Bibliográficos
Autor principal: Chocholatá, Michaela, 1977-
Formato: Capítulo de libro
Lenguaje:inglés
Materias:
Etiquetas: Agregar Etiqueta
Sin Etiquetas, Sea el primero en etiquetar este registro!

MARC

LEADER 00000nla a2200000 4500
001 0246070
005 20240502083656.4
041 0 |a eng 
044 |a CZ 
245 1 0 |a Spatial Analysis of the Tertiary Educational Attainment in European Union  |c Michaela Chocholatá 
520 |a Priestorová analýza rozsahu a dynamiky rozdielov v populácii vo veku 30 až 34 rokov s dosiahnutým terciárnym vzdelaním v regiónoch NUTS 2 EÚ v období rokov 2010-2016. Stratégia Európa 2020. 
610 2 0 |a vzdelanie 
610 2 0 |a vzdelávanie terciárne 
610 2 0 |a vzdelávanie 
610 2 0 |a regióny 
610 2 0 |a rozdiely regionálne 
610 2 0 |a Európska únia 
100 1 |a Chocholatá, Michaela, 1977-